000 01274nam a2200217 a 4500
001 000158689
003 AM-YeHGA
005 20250617123227.0
008 950720s1989 ru |||||||||||||||||rus|d
040 _aAM-YeHGA
041 0 _arus
245 0 0 _aПроектирование, контроль и диагностика микропроцессорных систем ;
_bАрхитектура, схемотехника и математическое обеспечение : [Сборник научных статей] /
_cРедкол.: П.И. Соснин (отв. ред.) и др. ; Мин-во высшего и среднего спец-го образования СССР. Ульяновский политехнический ин-т.
260 _aУльяновск :
_bУльяновского политехнического ин-та,
_c1989.
300 _a98 с.
_c21 см.
650 1 4 _aМикропроцессоры
_x Проектирование
650 1 4 _aМикропроцессоры
_xТехническая диагностика
700 1 _aСмолов, Владимир Борисович
_eред.
_4edt
710 2 _aУльяновский политехнический институт
942 _2udc
_cBK
090 _c55077
999 _c54229
_d54229